000 00330nam a2200133Ia 4500
008 240624s9999 xx 000 0 und d
041 _aeng
082 _a658.15 SHA
100 _aSHAH PARESH P
245 _aFINANCIAL MANAGEMENT
260 _c2008
_aNew Delhi
_bBiztantra
300 _axxvi, : 491 : p. : cm. ; 25
365 _cRS
_b30
999 _c8588
_d8588